| 000 | 00792nam a22002177a 4500 | ||
|---|---|---|---|
| 999 |
_c15753 _d15753 |
||
| 003 | AR-CdUCM | ||
| 008 | 190429b ||||| |||| 00| 0 spa d | ||
| 040 |
_aMUNICIPALIDAD PROVINCIAL DEL CUSCO _cBIBLIOTECA MUNICIPAL DEL CUSCO |
||
| 082 |
_a869.5 / _bS65 |
||
| 100 |
_aSofocleto, _934951 |
||
| 245 | _aSofonetos / | ||
| 260 |
_aLima : _bMy self, _c1960. |
||
| 300 |
_a121 paginas : _c17 cm. |
||
| 505 | _aContenido :Pedro es un nombre de historial grandioso -- Don Pedro, que según comentan es -- Nadie como él para piadoso y santo -- Como Nerón, con elegancia suma -- Con el dedo metido en el chaleco... | ||
| 650 |
_aNerón _92923 |
||
| 650 |
_aPoesia _91598 |
||
| 650 |
_aLiteratura peruana _9169 |
||
| 650 |
_aSofocleto _934952 |
||
| 942 |
_2ddc _cLIBROS |
||
| 945 |
_awnts _d2019-04-29 |
||